[Event "25th European Teams Women"]
[Site "Batumi GEO"]
[Date "2025.10.05"]
[Round "1.6"]
[Board "2"]
[White "Safarli, Josefine"]
[Black "Mgeladze, Kesaria"]
[Result "1-0"]
[WhiteTitle "WGM"]
[BlackTitle "WFM"]
[WhiteElo "2276"]
[BlackElo "2290"]
[WhiteTeam "Germany"]
[BlackTeam "Georgia 3"]
[WhiteFideId "12900460"]
[BlackFideId "13621130"]
[EventDate "2025.10.05"]

1. e4 e6 2. d4 d5 3. Nc3 dxe4 4. Nxe4 Nd7 5. Nf3 Ngf6 6. Nxf6+ Nxf6 7. g3 b6 8.
Bb5+ Bd7 9. a4 a6 10. Be2 Bc6 11. O-O Bd6 12. Ne5 Bb7 13. Bf3 Qc8 14. Bc6+ Bxc6
15. Nxc6 Qd7 16. Qf3 Nd5 17. Ne5 Bxe5 18. dxe5 O-O 19. c4 Ne7 20. Rd1 Qc6 21.
Qe2 Nf5 22. b3 Rad8 23. Bb2 a5 24. Rd3 Rxd3 25. Qxd3 h5 26. Rd1 Qc5 27. Kg2 h4
28. Qf3 g6 29. g4 Ne7 30. Qf6 Nc6 31. Rd3 Qe7 32. Qxe7 Nxe7 33. Rd7 Nc6 34. Rxc7
Nb4 35. Rd7 Na6 36. Rb7 Nc5 37. Rxb6 1-0

[Event "25th European Teams Women"]
[Site "Batumi GEO"]
[Date "2025.10.05"]
[Round "1.6"]
[Board "3"]
[White "Donghvani, Nia"]
[Black "Schulze, Lara"]
[Result "1/2-1/2"]
[WhiteTitle "WFM"]
[BlackTitle "FM"]
[WhiteElo "2127"]
[BlackElo "2319"]
[WhiteTeam "Georgia 3"]
[BlackTeam "Germany"]
[WhiteFideId "13614649"]
[BlackFideId "12956830"]
[EventDate "2025.10.05"]

1. c4 e5 2. Nc3 Nf6 3. Nf3 Nc6 4. g3 Bb4 5. Nd5 e4 6. Nh4 O-O 7. Bg2 Re8 8. O-O
d6 9. f3 Bc5+ 10. e3 Nxd5 11. cxd5 exf3 12. Nxf3 Nb8 13. d4 Bb6 14. Nh4 Nd7 15.
e4 Ne5 16. Kh1 Ng6 17. Nf5 f6 18. h4 Ne7 19. Ne3 Rf8 20. Nc4 c6 21. Nxb6 Qxb6
22. Qd3 Bd7 23. a4 Be8 24. a5 Qd8 25. a6 b6 26. dxc6 Bxc6 27. Bf4 Qd7 28. Rfc1
Kh8 29. Qa3 Rad8 30. Kh2 f5 31. d5 Bb5 32. Bh3 Ng6 33. Bg5 Rde8 34. exf5 Re2+
35. Kg1 Ne5 36. Re1 Rc8 37. Bf4 Rxe1+ 38. Rxe1 Nd3 39. Rd1 Nxf4 40. gxf4 Re8 41.
Qg3 Qc7 42. Qc3 Qxc3 43. bxc3 Re3 44. Bf1 Bxf1 45. Kxf1 Kg8 46. Kf2 Rxc3 47. Re1
Ra3 48. Re6 Rxa6 49. Rxd6 Ra3 50. Ke2 Kf7 51. Re6 Ra5 52. Re5 Rc5 53. d6 Rc8 54.
Ke3 Rd8 55. Re6 Re8 56. Re5 Rd8 57. Re6 Re8 58. Re5 Rd8 59. Ke4 1/2-1/2

[Event "25th European Teams Women"]
[Site "Batumi GEO"]
[Date "2025.10.05"]
[Round "1.6"]
[Board "4"]
[White "Dolzhykova, Kateryna"]
[Black "Lomaia, Diana"]
[Result "1-0"]
[WhiteTitle "WGM"]
[BlackTitle "WFM"]
[WhiteElo "2300"]
[BlackElo "2071"]
[WhiteTeam "Germany"]
[BlackTeam "Georgia 3"]
[WhiteFideId "14113414"]
[BlackFideId "13612476"]
[EventDate "2025.10.05"]

1. e4 e5 2. Nf3 Nc6 3. Bc4 Nf6 4. d3 Be7 5. Nc3 d6 6. a3 O-O 7. Bg5 h6 8. Bxf6
Bxf6 9. Nd5 Be6 10. Qd2 Nd4 11. Nxd4 exd4 12. O-O c6 13. Nxf6+ Qxf6 14. Bxe6
Qxe6 15. Qb4 Qe5 16. Qxb7 Qc5 17. Qb4 Qxc2 18. Qxd4 c5 19. Qc3 Qxc3 20. bxc3 c4
21. Rfd1 cxd3 22. Rxd3 Rfc8 23. Rb1 Rc6 24. h4 Rac8 25. Rb7 Ra6 26. Rf3 Rf8 27.
c4 Rc6 28. Rxa7 Rxc4 29. Re7 Rc5 30. Rd7 Rc4 31. Re3 Re8 32. Rxd6 Rcxe4 33. Rdd3
Rxe3 34. Rxe3 Rc8 35. Kf1 Rc4 36. g3 h5 37. Ke1 Rc2 38. Rf3 Ra2 39. Kd1 Kf8 40.
Kc1 Ke7 41. Kb1 Rd2 42. a4 Rd7 43. Kc2 Ra7 44. Ra3 Kd6 45. a5 Kc5 46. Kc3 Ra6
47. Ra2 g6 48. Kd3 Kd5 49. Ke3 f6 50. Kf4 Kc6 51. f3 Kc7 52. g4 hxg4 53. fxg4
Rc6 54. Ra4 Rc5 55. g5 fxg5+ 56. hxg5 Rf5+ 57. Kg4 Rf1 58. Rc4+ Kb7 59. Rb4+ Ka6
60. Rb6+ Kxa5 61. Rxg6 Kb5 62. Rd6 Kc5 63. Rd2 Kc6 64. g6 Rg1+ 65. Kf5 Rf1+ 66.
Ke6 Re1+ 67. Kf7 Rf1+ 68. Kg8 Rg1 69. g7 Rg3 70. Rh2 Kd7 71. Kh8 Kd6 1-0

[Event "25th European Teams Women"]
[Site "Batumi GEO"]
[Date "2025.10.05"]
[Round "1.7"]
[Board "1"]
[White "Khademalsharieh, Sarasadat"]
[Black "Repkova, Eva"]
[Result "1-0"]
[WhiteTitle "IM"]
[BlackTitle "IM"]
[WhiteElo "2444"]
[BlackElo "2332"]
[WhiteTeam "Spain"]
[BlackTeam "Slovakia"]
[WhiteFideId "12512214"]
[BlackFideId "14900440"]
[EventDate "2025.10.05"]

1. d4 d5 2. c4 e6 3. Nc3 a6 4. cxd5 exd5 5. Bf4 Nf6 6. e3 Bd6 7. Qf3 Bg4 8. Qg3
Bxf4 9. Qxf4 Nc6 10. Bd3 Qd7 11. h3 Be6 12. Nf3 h6 13. a3 Qe7 14. Ne5 Nxe5 15.
Qxe5 Rd8 16. Rc1 Bc8 17. Na4 c6 18. Qxe7+ Kxe7 19. b4 Ne8 20. Nb6 Nd6 21. a4 Bd7
22. Rc5 Bf5 23. Bxf5 Nxf5 24. b5 axb5 25. axb5 Kd6 26. O-O Kc7 27. Na4 Ne7 28.
b6+ Kd6 29. Ra5 Ra8 30. Nc5 Rxa5 31. Nxb7+ Kd7 32. Nxa5 Rb8 33. b7 Kc7 34. Rb1
Nf5 35. g4 Ne7 36. Kg2 g5 37. Kg3 Ng8 38. f4 Nf6 39. Rc1 Ne4+ 40. Kf3 Kb6 41.
Nxc6 Rxb7 42. Nb4 Nf6 43. Rc6+ Kb5 44. Rxf6 Kxb4 45. Rxh6 gxf4 46. Kxf4 Kc4 47.
Rc6+ Kd3 48. Rd6 Rb1 49. Rxd5 Rf1+ 50. Kg5 f6+ 51. Kg6 Kxe3 52. Rf5 Rh1 53. d5
Rxh3 54. d6 Ke4 55. Kxf6 1-0

[Event "25th European Teams Women"]
[Site "Batumi GEO"]
[Date "2025.10.05"]
[Round "1.7"]
[Board "2"]
[White "Sucikova, Svetlana"]
[Black "Vega Gutierrez, Sabrina"]
[Result "1/2-1/2"]
[WhiteTitle "WIM"]
[BlackTitle "IM"]
[WhiteElo "2162"]
[BlackElo "2362"]
[WhiteTeam "Slovakia"]
[BlackTeam "Spain"]
[WhiteFideId "14923653"]
[BlackFideId "2219026"]
[EventDate "2025.10.05"]

1. c4 e5 2. Nc3 d6 3. g3 f5 4. d4 Be7 5. Bh3 e4 6. f3 Nf6 7. Bg2 exf3 8. Nxf3
O-O 9. O-O c5 10. Bf4 Nh5 11. dxc5 Nxf4 12. gxf4 Nc6 13. cxd6 Bxd6 14. Ng5 Qe7
15. Nd5 Qe8 16. Qd3 h6 17. Nf3 Be6 18. Kh1 Rd8 19. Nd4 Bc8 20. e3 Kh8 21. a3 Bb8
22. b4 Qf7 23. Qc3 Rd6 24. Rac1 Nd8 25. Qb3 Ne6 26. Nf3 Rdd8 27. Rfd1 Bd7 28.
Qc3 Ba4 29. Rd2 Rfe8 30. Nd4 Bc6 31. b5 Nxd4 32. Rxd4 Bxd5 33. Bxd5 Qe7 34. Rg1
Bd6 35. Rd3 Bc5 36. Rg3 Rd6 37. Rd2 Qc7 38. Rdg2 Re7 39. Qd3 Rf6 40. Qc3 Qb6 41.
a4 Bxe3 42. Re2 Bc5 43. Rxe7 Bxe7 44. Qe5 Bc5 45. Qe8+ Rf8 46. Qg6 Qc7 47. Rg2
Bd4 48. Qg3 Re8 49. Rd2 Re3 50. Qh4 Bf6 51. Qf2 Qe7 52. Rd1 b6 53. Qc2 g6 54.
Rg1 Kh7 55. Qg2 g5 56. Qc2 Kg6 57. fxg5 hxg5 58. Rf1 Re5 59. Qd3 Qc5 60. Qh3 Qd4
61. Qa3 Be7 62. Qh3 Bf6 63. Qa3 Re7 64. Qf3 Qe5 65. Qg3 Qxg3 66. hxg3 g4 67. Bc6
Bd4 68. Rd1 Bc5 69. Bd7 Re3 70. Kg2 Re2+ 71. Kh1 Rf2 72. Rd5 Kf6 73. a5 f4 74.
Rd3 Rf1+ 75. Kh2 Rf2+ 76. Kh1 f3 77. Bxg4 Rf1+ 78. Kh2 Bg1+ 79. Kh3 f2 80. Be2
Re1 81. Rf3+ Ke5 82. axb6 axb6 83. Bd3 Rd1 84. Kg2 f1=Q+ 85. Rxf1 Rxf1 86. Bxf1
Bd4 87. Kf3 Kf5 88. Bd3+ Kg5 89. Ke4 Bf2 90. Kd5 Kg4 91. Bg6 1/2-1/2

[Event "25th European Teams Women"]
[Site "Batumi GEO"]
[Date "2025.10.05"]
[Round "1.7"]
[Board "3"]
[White "Calzetta Ruiz, Monica"]
[Black "Nadzamova, Viktoria"]
[Result "0-1"]
[WhiteTitle "WGM"]
[BlackTitle "WFM"]
[WhiteElo "2221"]
[BlackElo "2126"]
[WhiteTeam "Spain"]
[BlackTeam "Slovakia"]
[WhiteFideId "2204185"]
[BlackFideId "14943999"]
[EventDate "2025.10.05"]

1. e4 c5 2. Nf3 Nc6 3. Nc3 e5 4. Bc4 Be7 5. d3 d6 6. Nd2 Bg5 7. h4 Bh6 8. Qh5
Qe7 9. Nd5 Qd8 10. Nf1 Bxc1 11. Rxc1 Nf6 12. Nxf6+ Qxf6 13. Ne3 Be6 14. Bxe6
Qxe6 15. Rh3 O-O-O 16. Rg3 g6 17. Qg4 Qxg4 18. Rxg4 Rhf8 19. h5 Ne7 20. hxg6
hxg6 21. Rh4 Rh8 22. Rxh8 Rxh8 23. Ke2 f5 24. f3 Kd7 25. Kf2 Ke6 26. Re1 f4 27.
Ng4 Nc6 28. c3 b5 29. a3 a5 30. Ra1 b4 31. axb4 cxb4 32. d4 exd4 33. cxd4 Nxd4
34. Rxa5 Rc8 35. e5 Rc2+ 36. Kf1 Rxb2 37. Ra6 Nf5 38. exd6 Ne3+ 39. Nxe3 fxe3
40. Rb6 b3 41. f4 Rf2+ 42. Kg1 b2 43. g4 Rd2 44. f5+ gxf5 45. gxf5+ Kxf5 46. d7
Rd1+ 47. Kg2 e2 0-1

[Event "25th European Teams Women"]
[Site "Batumi GEO"]
[Date "2025.10.05"]
[Round "1.7"]
[Board "4"]
[White "Sevcikova, Lucia"]
[Black "Garcia-Castany Musellas, Gal.la"]
[Result "1-0"]
[WhiteTitle "WFM"]
[BlackTitle "WFM"]
[WhiteElo "2116"]
[BlackElo "2201"]
[WhiteTeam "Slovakia"]
[BlackTeam "Spain"]
[WhiteFideId "14940744"]
[BlackFideId "2241803"]
[EventDate "2025.10.05"]

1. d4 Nf6 2. c4 e6 3. Nc3 Bb4 4. Nf3 b6 5. e3 Bb7 6. Bd3 O-O 7. O-O d5 8. cxd5
exd5 9. Ne5 Bd6 10. f4 c5 11. g4 Na6 12. g5 Ne4 13. Qh5 g6 14. Qh6 Nb4 15. Rf3
Bxe5 16. Rh3 Re8 17. dxe5 Nxd3 18. Nxe4 dxe4 19. Qxh7+ Kf8 20. Qh8+ Ke7 21. Qf6+
Kd7 22. Qxf7+ Kc8 23. Rh7 Bd5 24. Qxg6 Ne1 25. b4 Nf3+ 26. Kf2 Rf8 27. Kg3 Rh8
28. Qf5+ Kb8 29. Rd7 Qc8 30. e6 Bc6 31. Bb2 Bxd7 32. exd7 Qf8 33. Bf6 Kc7 34.
Rd1 Rd8 35. Bxd8+ Qxd8 36. Qxe4 Nxh2 37. Qe5+ Kb7 38. Qxh8 Qe8 39. Qg8 Qxg8 40.
d8=Q Qh8 41. Kf2 Nf1 42. Kxf1 Qh1+ 43. Ke2 Qg2+ 44. Kd3 cxb4 45. Qd7+ Ka6 46.
Qa4+ Kb7 47. Qxb4 Qxa2 48. Qe4+ Kb8 49. Qe8+ Kb7 50. Qd7+ Kb8 51. Ke4 Qc2+ 52.
Kf3 a5 53. Qe8+ Ka7 54. Rd7+ Ka6 55. Qa8+ Kb5 56. Qd5+ 1-0

[Event "25th European Teams Women"]
[Site "Batumi GEO"]
[Date "2025.10.05"]
[Round "1.8"]
[Board "1"]
[White "Narva, Mai"]
[Black "Mkrtchian, Lilit"]
[Result "1/2-1/2"]
[WhiteTitle "IM"]
[BlackTitle "IM"]
[WhiteElo "2403"]
[BlackElo "2377"]
[WhiteTeam "Estonia"]
[BlackTeam "Armenia"]
[WhiteFideId "4500512"]
[BlackFideId "13300601"]
[EventDate "2025.10.05"]

1. e4 e6 2. d3 d5 3. Nd2 Nf6 4. g3 dxe4 5. dxe4 e5 6. Bg2 Bc5 7. Ngf3 Nbd7 8.
O-O O-O 9. Nh4 Re8 10. Nc4 b6 11. Re1 Bb7 12. Bd2 g6 13. Qf3 Bf8 14. Rad1 Qe7
15. Qc3 Nc5 16. f3 Na4 17. Qb3 Nc5 18. Qc3 Na4 19. Qb3 Nc5 20. Qc3 1/2-1/2

[Event "25th European Teams Women"]
[Site "Batumi GEO"]
[Date "2025.10.05"]
[Round "1.8"]
[Board "2"]
[White "Mkrtchyan, Mariam"]
[Black "Olde, Margareth"]
[Result "1-0"]
[WhiteTitle "WIM"]
[BlackTitle "WIM"]
[WhiteElo "2318"]
[BlackElo "2187"]
[WhiteTeam "Armenia"]
[BlackTeam "Estonia"]
[WhiteFideId "13310828"]
[BlackFideId "4503082"]
[EventDate "2025.10.05"]

1. d4 Nf6 2. c4 e6 3. Nf3 b6 4. g3 Bb7 5. Bg2 Bb4+ 6. Bd2 a5 7. O-O O-O 8. a3
Bxd2 9. Qxd2 d6 10. Qd3 Be4 11. Qe3 Bb7 12. Nc3 Nbd7 13. Qd3 e5 14. e4 Re8 15.
Rfe1 Qc8 16. b3 Nf8 17. Qc2 Ng6 18. Rac1 Bc6 19. Nd5 Nh5 20. Qd1 Bd7 21. c5 dxc5
22. Nxe5 Nxe5 23. dxe5 g6 24. Bf3 Be6 25. Bxh5 Bxd5 26. exd5 gxh5 27. Qxh5 Qd8
28. Rcd1 Qe7 29. Re4 f6 30. Rde1 Rf8 31. d6 cxd6 32. exd6 Qf7 33. Qf5 Rad8 34.
Rg4+ Kh8 35. Re7 1-0

[Event "25th European Teams Women"]
[Site "Batumi GEO"]
[Date "2025.10.05"]
[Round "1.8"]
[Board "3"]
[White "Blokhin, Sofia"]
[Black "Gevorgyan, Maria"]
[Result "1-0"]
[WhiteTitle "WFM"]
[BlackTitle "WGM"]
[WhiteElo "2071"]
[BlackElo "2242"]
[WhiteTeam "Estonia"]
[BlackTeam "Armenia"]
[WhiteFideId "4508190"]
[BlackFideId "13300270"]
[EventDate "2025.10.05"]

1. d4 Nf6 2. c4 e6 3. Nc3 Bb4 4. a3 Bxc3+ 5. bxc3 c5 6. f3 d5 7. cxd5 Nxd5 8.
dxc5 Qa5 9. e4 Ne7 10. Be3 Qxc3+ 11. Kf2 Nbc6 12. Ne2 Qf6 13. Ra2 O-O 14. Rd2
Ne5 15. Nf4 g5 16. Nh5 Qg6 17. Rd8 N5c6 18. Rxf8+ Kxf8 19. g4 f5 20. exf5 exf5
21. Bc4 Be6 22. Bxe6 Qxe6 23. Bxg5 Qa2+ 24. Kg3 fxg4 25. Qd6 Qf7 26. fxg4 Kg8
27. Re1 Rf8 28. Nf6+ Kh8 29. Rf1 Qg7 30. h4 Ng6 31. Bc1 Rd8 32. Qe6 Rd3+ 33. Be3
Nce5 34. Qe8+ Qf8 35. Qxf8+ Nxf8 36. Kf2 Rxa3 37. Rb1 Kg7 38. g5 Ra2+ 39. Kg3 h5
40. Nxh5+ Kg6 41. Nf6 Nc4 42. h5+ Kf5 43. Rf1+ Ke6 44. Bc1 Ne5 45. Ne4 Ke7 46.
Rf5 Nd3 47. g6 Nxg6 48. hxg6 Nxc1 49. g7 Ne2+ 50. Kh4 Nd4 51. g8=Q Nxf5+ 52. Kh3
Ra3+ 53. Kh2 a5 54. Qg5+ 1-0

[Event "25th European Teams Women"]
[Site "Batumi GEO"]
[Date "2025.10.05"]
[Round "1.8"]
[Board "4"]
[White "Gaboyan, Susanna"]
[Black "Olde, Grete"]
[Result "1-0"]
[WhiteTitle "WIM"]
[BlackTitle "WCM"]
[WhiteElo "2165"]
[BlackElo "1972"]
[WhiteTeam "Armenia"]
[BlackTeam "Estonia"]
[WhiteFideId "13303627"]
[BlackFideId "4503104"]
[EventDate "2025.10.05"]

1. e4 e5 2. Nf3 Nc6 3. Bc4 Bc5 4. d3 Nf6 5. c3 d6 6. O-O a6 7. Bb3 Ba7 8. h3 O-O
9. Nbd2 h6 10. Re1 Re8 11. Nf1 Be6 12. Bxe6 Rxe6 13. Ng3 d5 14. Qe2 Qd7 15. Nf5
Rd8 16. Be3 Bxe3 17. Qxe3 Nh5 18. Rad1 Rg6 19. Kh2 dxe4 20. dxe4 Qxd1 21. Rxd1
Rxd1 22. N3h4 Rg5 23. g3 Nf6 24. Nf3 Rxf5 25. exf5 e4 26. Nd2 Ne5 27. Kg2 Nd3
28. Nxe4 Nd5 29. Qa7 b6 30. Kf3 Nxb2 31. Qb8+ Kh7 32. Qf8 Rd3+ 33. Kg2 f6 34.
Qf7 Nc4 35. Nxf6+ Nxf6 36. Qxc4 Rd7 37. Qxa6 Rd5 38. g4 Rc5 39. Qd3 Rd5 40. Qf3
Rc5 41. Kf1 Rc4 42. Qd3 Ra4 43. f3 Rxa2 44. h4 Ra1+ 45. Kf2 Ra2+ 46. Kg3 Ra4 47.
c4 Ra1 48. Qd4 Ra5 49. Kf4 Ng8 50. Qd7 Rc5 51. Qe6 b5 52. cxb5 Rxb5 53. g5 hxg5+
54. hxg5 Rb6 55. Qf7 Rb4+ 56. Kg3 Rb6 57. Qxc7 Rb5 58. Kg4 Rb4+ 59. f4 Kh8 60.
f6 gxf6 61. g6 1-0

[Event "25th European Teams Women"]
[Site "Batumi GEO"]
[Date "2025.10.05"]
[Round "1.9"]
[Board "1"]
[White "Daulyte-Cornette, Deimante"]
[Black "Muetsch, Annmarie"]
[Result "1-0"]
[WhiteTitle "IM"]
[BlackTitle "WIM"]
[WhiteElo "2386"]
[BlackElo "2264"]
[WhiteTeam "France"]
[BlackTeam "Belgium"]
[WhiteFideId "12802859"]
[BlackFideId "12971367"]
[EventDate "2025.10.05"]

1. e4 c5 2. Nf3 Nc6 3. Nc3 e5 4. Bc4 d6 5. d3 h6 6. Nd2 Nf6 7. Nf1 Bg4 8. f3 Bd7
9. Ne3 Nd4 10. a4 Be7 11. O-O Rb8 12. Ned5 Nxd5 13. Nxd5 Bg5 14. f4 exf4 15.
Bxf4 Be6 16. c3 Nc6 17. Bxg5 hxg5 18. Ne3 Bxc4 19. Nxc4 Qd7 20. Rf5 Qe7 21. Ne3
f6 22. Qe2 Qf7 23. Raf1 Qh5 24. Qxh5+ Rxh5 25. Rd5 Kd7 26. Nc4 Rbh8 27. Rxd6+
Kc7 28. Rf5 Rxh2 29. Rxc5 g4 30. Kf2 R8h3 31. Rcd5 g3+ 32. Kf3 Rh5 33. Rd7+ Kc8
34. Rxg7 1-0

[Event "25th European Teams Women"]
[Site "Batumi GEO"]
[Date "2025.10.05"]
[Round "1.9"]
[Board "2"]
[White "De Rycke, Tyani"]
[Black "Navrotescu, Andreea"]
[Result "0-1"]
[WhiteTitle "WFM"]
[BlackTitle "WGM"]
[WhiteElo "2114"]
[BlackElo "2257"]
[WhiteTeam "Belgium"]
[BlackTeam "France"]
[WhiteFideId "247936"]
[BlackFideId "675946"]
[EventDate "2025.10.05"]

1. e4 c5 2. Nc3 e6 3. Nge2 Nc6 4. d4 cxd4 5. Nxd4 Nf6 6. Be3 Bb4 7. f3 d5 8.
exd5 Nxd5 9. Nxc6 bxc6 10. Qd4 Nxe3 11. Qxe3 O-O 12. Bc4 Qh4+ 0-1

[Event "25th European Teams Women"]
[Site "Batumi GEO"]
[Date "2025.10.05"]
[Round "1.9"]
[Board "3"]
[White "Guichard, Pauline"]
[Black "Vanduyfhuys, Daria"]
[Result "0-1"]
[WhiteTitle "IM"]
[BlackTitle "WFM"]
[WhiteElo "2330"]
[BlackElo "2094"]
[WhiteTeam "France"]
[BlackTeam "Belgium"]
[WhiteFideId "639370"]
[BlackFideId "246336"]
[EventDate "2025.10.05"]

1. d4 Nf6 2. c4 e6 3. Nc3 Bb4 4. e3 c5 5. Bd3 O-O 6. a3 Bxc3+ 7. bxc3 Nc6 8. Rb1
b6 9. e4 d6 10. Ne2 h6 11. O-O e5 12. d5 Na5 13. f4 exf4 14. Bxf4 Ng4 15. h3 Ne5
16. Bxe5 dxe5 17. Ng3 Nb7 18. Rf3 Nd6 19. Nf1 f5 20. Qe2 f4 21. g3 Bxh3 22. gxf4
Bg4 23. f5 Qg5 24. Ng3 g6 25. Kf2 Bxf3 26. Qxf3 Qf4 27. Rg1 Qxf3+ 28. Kxf3 Kh7
29. a4 Rf6 30. Ke3 Rg8 31. Ra1 a5 32. Rb1 gxf5 33. Nxf5 Rg4 34. Rh1 Nxf5+ 35.
exf5 Kg7 36. Kf3 Rf4+ 37. Ke3 Kf7 38. Be4 Rg4 39. Kf3 Rg5 40. Bd3 h5 41. Re1 h4
42. Rxe5 Rg3+ 43. Ke2 h3 44. Re4 Rh6 45. f6 Rxd3 0-1

[Event "25th European Teams Women"]
[Site "Batumi GEO"]
[Date "2025.10.05"]
[Round "1.9"]
[Board "4"]
[White "Vanhuyse, Nele"]
[Black "Negre, Emilie"]
[Result "1/2-1/2"]
[WhiteTitle "WFM"]
[BlackTitle "WFM"]
[WhiteElo "2020"]
[BlackElo "2221"]
[WhiteTeam "Belgium"]
[BlackTeam "France"]
[WhiteFideId "228818"]
[BlackFideId "45187223"]
[EventDate "2025.10.05"]

1. e4 c5 2. Nf3 d6 3. c3 Nf6 4. h3 Nc6 5. Bd3 e5 6. Bc2 d5 7. d3 Be7 8. O-O O-O
9. Re1 Qc7 10. Nbd2 Rd8 11. Qe2 d4 12. Nb3 h6 13. a3 Be6 14. cxd4 cxd4 15. Bd1
b5 16. g4 Nd7 17. Nbd2 a5 18. Nf1 Bf8 19. Ng3 g6 20. Bd2 b4 21. Nh4 Nc5 22. Qf1
Qb6 23. Nf3 Qb5 24. Rc1 Rac8 25. axb4 axb4 26. Be2 Na4 27. Rb1 b3 28. g5 h5 29.
Nh4 Nb4 30. f4 exf4 31. Bxf4 Nc2 32. Red1 Rc5 33. Nf3 Bd6 34. e5 Bxe5 35. Nxe5
Rxe5 36. Bxe5 Qxe5 37. Ne4 Bf5 38. Nf6+ Kg7 39. Qf3 Rd6 40. Bf1 Re6 41. h4 Qe3+
42. Qf2 1/2-1/2

[Event "25th European Teams Women"]
[Site "Batumi GEO"]
[Date "2025.10.05"]
[Round "1.10"]
[Board "1"]
[White "Zherebtsova, Alexandra"]
[Black "Kosteniuk, Alexandra"]
[Result "0-1"]
[WhiteTitle "FM"]
[BlackTitle "GM"]
[WhiteElo "2279"]
[BlackElo "2469"]
[WhiteTeam "Montenegro"]
[BlackTeam "Switzerland"]
[WhiteFideId "24129518"]
[BlackFideId "4128125"]
[EventDate "2025.10.05"]

1. d4 e6 2. c4 Bb4+ 3. Nc3 b6 4. a3 Bxc3+ 5. bxc3 Bb7 6. a4 Ne7 7. a5 O-O 8. Nf3
Qc8 9. h4 Nbc6 10. Ba3 d6 11. e4 Nxa5 12. Bd3 e5 13. dxe5 Ng6 14. exd6 cxd6 15.
h5 Nf4 16. Bxd6 Nxd3+ 17. Qxd3 Re8 18. e5 Qxc4 19. Qxc4 Nxc4 20. O-O Bxf3 21.
gxf3 Nd2 22. Rfd1 Nxf3+ 23. Kg2 Nxe5 24. Bxe5 Rxe5 25. Rxa7 Rg5+ 26. Kf3 Rf8 27.
h6 gxh6 28. Rb7 Rg6 29. Rb1 Rc8 30. R7xb6 Rxc3+ 31. Ke2 Kg7 32. R6b3 Rc2+ 33.
Kf1 h5 34. Rf3 h4 35. Rb7 Rc1+ 36. Ke2 Rf6 37. Rxf6 Kxf6 38. Rb3 Rh1 39. f4 Kf5
40. Kf2 Rh2+ 41. Kg1 Rd2 42. Rb7 f6 43. Rxh7 Kxf4 44. Rh6 f5 45. Ra6 Kg4 46.
Ra4+ f4 47. Ra8 Kg3 48. Rg8+ Kf3 49. Ra8 Rd1+ 50. Kh2 Ke2 51. Re8+ Kf2 52. Ra8
f3 53. Ra3 Ke2 0-1

[Event "25th European Teams Women"]
[Site "Batumi GEO"]
[Date "2025.10.05"]
[Round "1.10"]
[Board "2"]
[White "Manko, Mariia"]
[Black "Skvortsova, Alena"]
[Result "1-0"]
[WhiteTitle "WIM"]
[BlackTitle "WFM"]
[WhiteElo "2298"]
[BlackElo "2166"]
[WhiteTeam "Switzerland"]
[BlackTeam "Montenegro"]
[WhiteFideId "14199220"]
[BlackFideId "24166251"]
[EventDate "2025.10.05"]

1. d4 Nf6 2. c4 e6 3. Nf3 Bb4+ 4. Bd2 a5 5. g3 d6 6. Bg2 Nbd7 7. O-O e5 8. Nc3
O-O 9. Qc2 Re8 10. Rad1 c6 11. e4 exd4 12. Nxd4 Ne5 13. b3 Bg4 14. f3 Bd7 15. h3
Ng6 16. f4 b5 17. cxb5 cxb5 18. Qd3 Bc5 19. Kh2 b4 20. Nd5 Nxd5 21. exd5 Qb6 22.
Nc6 Ne7 23. Qf3 Nf5 24. Bc1 Rac8 25. Qg4 Qb7 26. Bb2 g6 27. Qg5 Bxc6 28. Qf6 Kf8
29. dxc6 Rxc6 30. Rfe1 Ne3 31. Qg7+ Ke7 32. Bf6+ Ke6 33. Rxe3+ Bxe3 34. Bd5+ Kf5
35. g4+ Kxf4 36. Qh6+ g5 37. Qxg5# 1-0

[Event "25th European Teams Women"]
[Site "Batumi GEO"]
[Date "2025.10.05"]
[Round "1.10"]
[Board "3"]
[White "Milovic, Aleksandra"]
[Black "Hryzlova, Sofiia"]
[Result "0-1"]
[WhiteTitle "WIM"]
[BlackTitle "WIM"]
[WhiteElo "2050"]
[BlackElo "2309"]
[WhiteTeam "Montenegro"]
[BlackTeam "Switzerland"]
[WhiteFideId "933988"]
[BlackFideId "14174669"]
[EventDate "2025.10.05"]

1. Nc3 d5 2. e4 d4 3. Nce2 c5 4. Nf3 Nc6 5. Ng3 Nf6 6. Bb5 Qb6 7. Qe2 Bd7 8. O-O
e6 9. c3 Be7 10. b3 h5 11. h4 Ng4 12. Bb2 O-O-O 13. a4 Kb8 14. Bxc6 Bxc6 15.
cxd4 cxd4 16. Qc4 Bf6 17. a5 Qa6 18. Rfc1 Qxc4 19. Rxc4 Ne5 20. Nxe5 Bxe5 21. a6
Rd7 22. axb7 Bxb7 23. Ra5 f6 24. d3 g6 25. Ne2 Bc7 26. Ra1 e5 27. Kf1 Re8 28.
Rca4 Bb6 29. Rc4 Re6 30. Nc1 Bc6 31. Ke2 f5 32. f3 fxe4 33. fxe4 Rf7 34. b4 Bb5
35. Rc2 Ref6 36. Rd2 Rf1 0-1

[Event "25th European Teams Women"]
[Site "Batumi GEO"]
[Date "2025.10.05"]
[Round "1.10"]
[Board "4"]
[White "Shatil, Or"]
[Black "Koljevic, Nikolina"]
[Result "1-0"]
[WhiteTitle "WIM"]
[BlackTitle "WFM"]
[WhiteElo "2184"]
[BlackElo "1970"]
[WhiteTeam "Switzerland"]
[BlackTeam "Montenegro"]
[WhiteFideId "2842475"]
[BlackFideId "16503945"]
[EventDate "2025.10.05"]

1. e4 c5 2. Nf3 d6 3. d4 cxd4 4. Nxd4 Nf6 5. Nc3 g6 6. Be3 Bg7 7. f3 O-O 8. Qd2
Nc6 9. O-O-O Bd7 10. g4 Qa5 11. Nb3 Qd8 12. h4 Rc8 13. Kb1 Ne5 14. Be2 b5 15. h5
Nc4 16. Bxc4 Rxc4 17. hxg6 fxg6 18. e5 Nxg4 19. fxg4 Bxe5 20. Nxb5 Rxg4 21. N5d4
Qc8 22. Rdf1 h5 23. Bh6 Rf6 24. Bg5 Rxf1+ 25. Rxf1 Qc4 26. Qf2 Bg7 27. Bxe7 a5
28. c3 Bb5 29. Nxb5 Qe4+ 30. Ka1 Qxe7 31. Re1 Be5 32. Rd1 a4 33. N3d4 Qb7 34.
Qc2 h4 35. Qe2 Rg2 36. Qc4+ d5 37. Qf1 h3 38. Nf3 Bg3 39. Qd3 Kg7 40. Ng5 h2 41.
Ne6+ Kh7 42. Ng5+ Kh8 43. Qf3 1-0

[Event "25th European Teams Women"]
[Site "Batumi GEO"]
[Date "2025.10.05"]
[Round "1.11"]
[Board "1"]
[White "Pogorelskikh, Sofia"]
[Black "Zaksaite, Salomeja"]
[Result "1-0"]
[WhiteTitle "WIM"]
[BlackTitle "WGM"]
[WhiteElo "2289"]
[BlackElo "2133"]
[WhiteTeam "Serbia"]
[BlackTeam "Lithuania"]
[WhiteFideId "44164548"]
[BlackFideId "12801496"]
[EventDate "2025.10.05"]

1. e4 c5 2. Nf3 a6 3. g3 b5 4. d4 e6 5. Bg2 Bb7 6. Qe2 cxd4 7. Nxd4 Bc5 8. Nb3
Be7 9. O-O Nf6 10. Rd1 e5 11. Bg5 d6 12. Bxf6 Bxf6 13. c4 bxc4 14. Qxc4 O-O 15.
Qb4 Qc8 16. Nc3 Nc6 17. Qxd6 Rd8 18. Qc5 Nd4 19. Na4 Qg4 20. Nxd4 exd4 21. h3
Qg6 22. Qc2 Rac8 23. Qd3 Bc6 24. Nb6 Bb5 25. Qa3 Rc2 26. Nd5 d3 27. Qa5 Rxf2 28.
Qe1 Re2 29. Qf1 Rxd5 30. exd5 Qxg3 31. Qf3 Bd4+ 32. Kh1 Qxf3 33. Bxf3 Rxb2 34.
a4 Bd7 35. Rxd3 Be5 36. Re1 f6 37. d6 Kf7 38. Rc1 Ke6 39. Bd5+ Kf5 40. Rc7 Bxa4
41. Bc6 Bc2 42. Rd2 Kf4 43. Rf2+ Ke3 44. Rf3+ Ke2 45. Rxg7 Rb1+ 46. Kg2 Rb6 47.
Rf2+ Kd1 48. Bf3+ Kc1 49. Rc7 Rxd6 50. Rcxc2+ Kb1 51. Be4 1-0